العنبر الأردني / (Record no. 23355)

MARC details
000 -LEADER
fixed length control field 00453nam a22001697a 4500
005 - DATE AND TIME OF LATEST TRANSACTION
control field 20251108165244.0
008 - FIXED-LENGTH DATA ELEMENTS--GENERAL INFORMATION
fixed length control field 250721s9999 xx 000 0 ara d
082 14 - DEWEY DECIMAL CLASSIFICATION NUMBER
Classification number 553.29/عبا
100 1# - MAIN ENTRY--PERSONAL NAME
Personal name حدادين، عباس ميخائيل
245 10 - TITLE STATEMENT
Title العنبر الأردني /
264 1# - PRODUCTION, PUBLICATION, DISTRIBUTION, MANUFACTURE, AND COPYRIGHT NOTICE
Place of production, publication, distribution, manufacture عمان :
Date of production, publication, distribution, manufacture, or copyright notice [19-].
300 ## - PHYSICAL DESCRIPTION
Extent 40ص : مص
650 17 - SUBJECT ADDED ENTRY--TOPICAL TERM
Topical term or geographic name as entry element العنبر
650 17 - SUBJECT ADDED ENTRY--TOPICAL TERM
Topical term or geographic name as entry element الأحجار الكريمة
942 ## - ADDED ENTRY ELEMENTS (KOHA)
Source of classification or shelving scheme Dewey Decimal Classification
Koha item type Books
Holdings
حالة السحب حالة الفقدان مصدر التصنيف حالة التلف غير قابل للإعارة المكتبة الرئيسية المكتبة الحالية موقع الرف تاريخ التزويد الرقم المتسلسل Total Checkouts رقم الإستدعاء تاريخ آخر ظهور تاريخ الفاتورة نوع المادة (كوها) الباركود
    Dewey Decimal Classification Unchecked   مكتبة الحسن العامة مكتبة الحسن العامة الإعارة 06/07/2004 2142   553.29/عبا 28/07/2025 06/07/2004 Books  
    Dewey Decimal Classification   Not For Loan مكتبة تاريخ الأردن مكتبة تاريخ الأردن لا يعار 14/11/2009 1335101   553.29/عبا 28/07/2025 14/11/2009 Books PLD00119283
    Dewey Decimal Classification     مكتبة صويلح العامة مكتبة صويلح العامة الإعارة 30/05/2019 {503}   553.29/عبا 28/07/2025 30/05/2019 Books PLD00453599
Implemented & Customized by: BBB with SCIT (Smart Chains for Information Technology)

Powered by Koha